000 00986nam a22003257a 4500
003 CHAP
005 20220329135337.0
008 971013s1977 r 00010 d
010 _a34746
011 _a35718
035 _a39834
040 _cCHAP
082 _a330
_bO5
100 0 0 _aOleinik, Iván.
_982990
245 _aManual de economía política del socialismo
260 _aLa Habana :
_bEd. de Ciencias Sociales,
_c1977
300 _a2 v.
490 _aTeoría económica
590 _aBATCH-UPD
_b10
_c20130110
_lUCH01
_h1003
590 _aBATCH-UPD
_b10
_c20130410
_lUCH01
_h0613
590 _aBATCH-UPD
_b10
_c20130914
_lUCH01
_h1231
590 _aCONVERSION
_b10
_c20130109
_lUCH01
_h1319
650 1 4 _aEconomía.
_935226
650 1 4 _aSocialismo.
_9108040
830 _aTeoría económica
_9112312
901 _aBK
942 _cLIBRO
949 _a330 O5
_bBC
_cLIBRO
_d-90817
_eLIBRO
_h46518
_i39834
_si
949 _a330 O5
_bBC
_cLIBRO
_d-90818
_eLIBRO
_fc.2
_h46519
_i39834
_si
999 _c34746
_d34746